Biggest Cities in South India - Statistics

General Stats
  • This quiz has been taken 317 times
  • The average score is 8 of 16
Answer Stats
Answer % Correct
Chennai
98%
Bangalore
93%
Hyderabad
90%
Coimbatore
66%
Madurai
60%
Mysore
57%
Trivandrum
54%
Vishakapatnam
48%
Cochin
41%
Mangalore
40%
Vijayawada
40%
Trichy
29%
Warangal
28%
Hubli
26%
Kozhikode
23%
Guntur
19%
No matching quizzes found
Score Distribution
Percent of People with Each Score
Percentile by Number Answered
Your Score History
You have not taken this quiz